00470nmm a2200145Ia 4500008004100000020001800041041000800059100002800067245006400095264004300159300001800202490002200220650003100242856005100273251105s9999||||xx |||||||||||||||||und|| a9788467535938 aspa aGallego García, Laura 0aMemorias de Idhún. La resistencia :b Libro I: Búsqueda a[Madrid, España] :bGrupo SM, c2009 a205 páginas aMemorias de Idhun aTeen & Young Adult Fiction uhttps://public.digitaliapublishing.com/a/86065